000 006650000a22001810004500
999 _c48972
_d48972
001 1816
003 CO-MdFUSB
005 20180301182447.0
008 180301b xxu||||| |||| 00| 0 eng d
020 _a978-958-04-9989-3
040 _cCO-MdBIC
082 0 4 _a036 Su123c
245 1 0 _aColombia guía enciclopédica / Carlos Alberto Suáres... [et al]; mapas Ángela María Ruiz
260 _aBogotá: Grupo Editorial Norma
300 _a276 P.
650 1 4 _aEnciclopedias y diccionarios españoles \ Literatura colombiana - Enciclopedias \ Folclor - Colombia - Enciclopedias \ Arte colombiano - Enciclopedia \ Deportes - Colombia - Enciclopedias
942 _cLGB